01699cam a22004217a 4500003000500000005001700005008004100022010000900063011000900072035000900081040000900090090001000099100003600109245014000145260004000285300001000325502007500335590003700410590004100447590004100488590004100529590004200570650004700612650002600659650003300685650003800718650003800756650003500794650004100829650002100870901000700891942000900898949004100907949005400948999001501002952013301017952012701150CHAP20250903062741.0971013s1991 r 00010 d a2833 a3805 a3006 cCHAP aTesis00aZepeda Piña, Rubén.9123936 0aRelación entre consumo y características fecales y del forraje seleccionado por ovinos pastoreando un pastizal bajo bosques de pino aChapingo, Méx. :bEl autor,c1991 a72 h. aTesis (Ing. Agr. Esp. en Zootecnia) -- UACH. Departamento de Zootecnia aALEPHb10c20130110lUCH01h1214 aBATCH-UPDb10c20130110lUCH01h1205 aBATCH-UPDb10c20130410lUCH01h0747 aBATCH-UPDb10c20130914lUCH01h1429 aCONVERSIONb10c20130109lUCH01h130314aAlimentos y alimentacion del ganado.9432614aArboles como forraje.14aForrajesxAnálisis.94255517aForrajesxDigestibilidad294256814aForrajesxValor nutritivo.94260114aGanado lanarxPastoreo.94520914aMaterias fecalesxAnálisis.97296114aPastoreo.985984 aBK cFOLL bBCcTESd-12514eTS1h24697i3006si bBCcTESd33724000597530eTS2fc.2h24698i3006sb c2833d2833 00102local4053708TESISaBCbBCcPA_TESISd2019-12-31fTESISl0p33724000597530r2019-12-31 00:00:00tc.2w2019-12-31yTESIS 00102local4051708TESISaBCbBCcPA_TESISd2019-12-31fTESISl0oTesisp-12514r2019-12-31 00:00:00w2019-12-31yTESIS